[Event "HZ Chess Tournament 2022"]
[Site "Vlissingen, Netherlands"]
[Date "2022.08.10"]
[Round "6.29"]
[White "Kalisvaart, Peter"]
[Black "Tabak, Stefan"]
[Result "1/2-1/2"]
[WhiteElo "1979"]
[BlackElo "2166"]
[PlyCount "127"]

1. d4 Nf6 2. Bg5 d5 3. Bxf6 exf6 4. e3 Bd6 5. Nf3 O-O 6. Bd3 Re8 7. O-O g6 8.
b3 Nd7 9. c4 dxc4 10. bxc4 f5 11. Nc3 Nf6 12. Qc2 c6 13. Rfe1 Bd7 14. Rab1 b6
15. h3 Qe7 16. e4 fxe4 17. Nxe4 Nxe4 18. Bxe4 Qf6 19. c5 bxc5 20. dxc5 Bf4 21.
Red1 Rad8 22. g3 Be5 23. Nxe5 Qxe5 24. Rxd7 Rxd7 25. Bxc6 Rc7 26. Bxe8 Qxe8 27.
Qc3 Qc8 28. Rc1 Rc6 29. Kh2 h5 30. Qd4 Kh7 31. Rc4 Qc7 32. Qf4 Kg7 33. Kg2 Qb7
34. Qe4 Qc7 35. Qd5 a6 36. a4 Kg8 37. g4 hxg4 38. hxg4 a5 39. g5 Qc8 40. Rf4
Re6 41. Rc4 Rc6 42. Kg3 Qc7+ 43. f4 Qe7 44. Kf2 Re6 45. Qf3 Qd7 46. Re4 Rxe4
47. Qxe4 Qd2+ 48. Kf3 Qd1+ 49. Kg2 Qd2+ 50. Kg3 Qc3+ 51. Kg4 Qxc5 52. Qe8+ Kg7
53. Qe5+ Qxe5 54. fxe5 Kf8 55. Kf4 Ke7 56. Ke3 Kd7 57. Kd4 Ke7 58. Kd5 Kd7 59.
Kc5 Ke6 60. Kb5 Kxe5 61. Kxa5 f5 62. gxf6 Kxf6 63. Kb5 g5 64. a5 1/2-1/2

[Event "HZ Chess Tournament 2022"]
[Site "Vlissingen, Netherlands"]
[Date "2022.08.10"]
[Round "6.30"]
[White "Tiggelman, Rene"]
[Black "Van de Vreede, Jim"]
[Result "1-0"]
[WhiteElo "2165"]
[BlackElo "1990"]
[PlyCount "93"]

1. Nf3 Nf6 2. c4 c5 3. Nc3 Nc6 4. g3 d5 5. cxd5 Nxd5 6. Bg2 g6 7. d3 Bg7 8. Bd2
O-O 9. O-O Rb8 10. Nxd5 Qxd5 11. Bc3 Qd6 12. Bxg7 Kxg7 13. Qc2 b6 14. Rfd1 Bb7
15. Qc3+ e5 16. e3 Rfd8 17. a3 f6 18. Rab1 Rbc8 19. Ne1 Rc7 20. b3 Qe7 21. Qb2
Rd6 22. b4 cxb4 23. axb4 Nd8 24. Bxb7 Rxb7 25. Rbc1 Rc7 26. h4 Rdc6 27. Rxc6
Rxc6 28. d4 exd4 29. Rxd4 Rd6 30. Nf3 Nc6 31. Rxd6 Qxd6 32. b5 Qb4 33. Qe2 Ne5
34. Nxe5 fxe5 35. Qd3 Qc5 36. Qd7+ Kg8 37. g4 h6 38. h5 gxh5 39. gxh5 Kf8 40.
Qf5+ Ke7 41. Qh7+ Kd8 42. Qxh6 Qxb5 43. Qe6 Qe8 44. Qd6+ Kc8 45. h6 Qg8+ 46.
Kh2 Qg4 47. Qf8+ 1-0

[Event "HZ Chess Tournament 2022"]
[Site "Vlissingen, Netherlands"]
[Date "2022.08.10"]
[Round "6.31"]
[White "Van der Borgt, Peter"]
[Black "Boelhouwer, Collin"]
[Result "0-1"]
[WhiteElo "1959"]
[BlackElo "2151"]
[PlyCount "92"]

1. e4 c5 2. Nf3 e6 3. c3 Nf6 4. e5 Nd5 5. g3 d6 6. Bg2 Be7 7. O-O O-O 8. d4
cxd4 9. exd6 Qxd6 10. Nxd4 Rd8 11. Qe2 a6 12. Nd2 Nc6 13. Nxc6 bxc6 14. Re1 a5
15. Ne4 Qc7 16. Bg5 f6 17. Bd2 e5 18. Be3 Nxe3 19. Qxe3 Rb8 20. Qe2 Be6 21. b3
Rd7 22. Red1 Rbd8 23. Rxd7 Qxd7 24. f4 exf4 25. gxf4 h6 26. Re1 Bf7 27. Bf3 Qf5
28. Ng3 Bc5+ 29. Kg2 Qxf4 30. Qe4 Rd2+ 31. Re2 Rxe2+ 32. Nxe2 Qg5+ 33. Ng3 Qd2+
34. Kh3 Bg1 35. Ne2 Qd7+ 36. Bg4 Qd1 37. Qxc6 Be3 38. Qc8+ Kh7 39. Qf5+ Bg6 40.
Qf3 Qd3 41. c4 Be4 42. Qg3 Qd1 43. Bf3 Qf1+ 44. Bg2 Bf5+ 45. Kh4 Bg5+ 46. Kh5
g6# 0-1

[Event "HZ Chess Tournament 2022"]
[Site "Vlissingen, Netherlands"]
[Date "2022.08.10"]
[Round "6.32"]
[White "Matsumura, Cocoro"]
[Black "Gorny, Michael"]
[Result "0-1"]
[WhiteElo "2148"]
[BlackElo "1962"]
[PlyCount "100"]

1. e4 c5 2. Nc3 d6 3. f4 g6 4. Nf3 Bg7 5. Bb5+ Bd7 6. Bc4 Nc6 7. d3 Na5 8. Bd2
Nxc4 9. dxc4 Bc6 10. Qe2 Nh6 11. O-O-O Qb6 12. Rhg1 O-O-O 13. g4 e6 14. Be1
Rhe8 15. Nb5 a6 16. Bc3 Bxc3 17. Nxc3 Qc7 18. Nd2 f6 19. Qf2 b6 20. Nf1 Nf7 21.
Ne3 b5 22. Qf3 b4 23. Ne2 Qb7 24. Ng3 f5 25. gxf5 gxf5 26. Qh5 fxe4 27. Qxh7 d5
28. cxd5 exd5 29. Ngf5 Rh8 30. Qg6 Kb8 31. Qf6 Rd7 32. Rg6 Rc8 33. Rdg1 Ka7 34.
h4 Bb5 35. h5 d4 36. Ng4 d3 37. Nge3 c4 38. Rg7 Rc6 39. Qh4 c3 40. b3 Qc7 41.
Qf2 Kb7 42. a4 Bxa4 43. Nd5 Qa5 44. Qd4 Bb5 45. Nxc3 Rxd4 46. Rxf7+ Kb6 47.
Na4+ Bxa4 48. Nxd4 Bxb3 49. Nxb3 Rxc2+ 50. Kd1 Qxh5+ 0-1

[Event "HZ Chess Tournament 2022"]
[Site "Vlissingen, Netherlands"]
[Date "2022.08.10"]
[Round "6.33"]
[White "Van Dijkhuizen, Robbert"]
[Black "Van der Hagen, Loek"]
[Result "1/2-1/2"]
[WhiteElo "1869"]
[BlackElo "2135"]
[PlyCount "65"]

1. d4 g6 2. c4 Bg7 3. Nc3 c5 4. Nf3 cxd4 5. Nxd4 Nc6 6. Nb3 Nf6 7. e4 d6 8. Be2
Be6 9. Be3 Ne5 10. Nd2 Qa5 11. O-O O-O 12. Nd5 Bxd5 13. cxd5 Rfc8 14. f3 a6 15.
Nb3 Qa4 16. Nd4 Qxd1 17. Rfxd1 Nc4 18. Bxc4 Rxc4 19. Rac1 Rac8 20. Rxc4 Rxc4
21. Ne2 Nd7 22. Rc1 Rxc1+ 23. Bxc1 Nc5 24. b3 h5 25. Bd2 Kf8 26. Kf1 Ke8 27.
Nc1 Kd7 28. Ke2 Kc7 29. Nd3 Nd7 30. Ba5+ b6 31. Bd2 Bd4 32. Nb4 Nb8 33. Nd3
1/2-1/2

[Event "HZ Chess Tournament 2022"]
[Site "Vlissingen, Netherlands"]
[Date "2022.08.10"]
[Round "6.34"]
[White "Krause, Thomas"]
[Black "Boeren, Jurriaan"]
[Result "1/2-1/2"]
[WhiteElo "2129"]
[BlackElo "1840"]
[PlyCount "113"]

1. d4 d5 2. Nf3 e6 3. c4 Nf6 4. e3 Be7 5. b3 O-O 6. Bd3 b6 7. O-O Bb7 8. Nc3
Nbd7 9. Bb2 c5 10. Qe2 dxc4 11. bxc4 Rc8 12. Ne5 cxd4 13. exd4 Nxe5 14. dxe5
Nd7 15. Rfd1 a6 16. Rac1 Qc7 17. Bxh7+ Kxh7 18. Qd3+ Kg8 19. Qxd7 Bg5 20. Rc2
Rfd8 21. Qxc7 Rxd1+ 22. Nxd1 Rxc7 23. Bc1 Bxc1 24. Rxc1 Rc5 25. Ne3 b5 26. Rb1
Rxe5 27. cxb5 Rxb5 28. Rxb5 axb5 29. f4 Be4 30. a3 Kf8 31. Kf2 Ke7 32. Ke2 Kd6
33. Kd2 Kc5 34. Kc3 Bc6 35. g3 Be4 36. Ng4 f6 37. Ne3 Bg6 38. g4 Bh7 39. h4 Be4
40. g5 fxg5 41. fxg5 Bf3 42. Kd3 e5 43. Nf5 g6 44. Ng3 b4 45. axb4+ Kxb4 46.
Ke3 Bd5 47. Ne4 Kb5 48. Nf6 Kc6 49. Nxd5 Kxd5 50. Kf3 Kd6 51. Kg4 Ke6 52. h5
gxh5+ 53. Kxh5 Kf7 54. g6+ Kg7 55. Kg5 e4 56. Kf4 Kxg6 57. Kxe4 1/2-1/2

[Event "HZ Chess Tournament 2022"]
[Site "Vlissingen, Netherlands"]
[Date "2022.08.10"]
[Round "6.35"]
[White "Gijsen, William"]
[Black "Tibke, Jonas"]
[Result "1-0"]
[WhiteElo "2079"]
[BlackElo "1961"]
[PlyCount "79"]

1. e4 c6 2. d4 d5 3. e5 Bf5 4. Nf3 e6 5. Be2 c5 6. Be3 Qb6 7. Nc3 c4 8. Rb1 Nc6
9. O-O Bg4 10. Nd2 Bxe2 11. Nxe2 Qa5 12. b3 b5 13. bxc4 bxc4 14. c3 Nge7 15.
Qc2 h5 16. Rb7 Nc8 17. Nf4 Nd8 18. Rbb1 Nb6 19. Nf3 Be7 20. h4 Qa4 21. Qe2 Qa3
22. Rfc1 Kd7 23. Nh3 Nc6 24. Nhg5 f6 25. Nh3 Na4 26. exf6 gxf6 27. Bd2 Rhb8 28.
Nf4 Nd8 29. Qd1 Nb2 30. Qc2 Qxa2 31. Ra1 Qb3 32. Qh7 a5 33. Nxh5 Rb7 34. Nxf6+
Kc8 35. Nxd5 exd5 36. Qf5+ Kc7 37. Qxd5 Nc6 38. Bf4+ Kb6 39. Rcb1 Rd8 40. Qe6
1-0

[Event "HZ Chess Tournament 2022"]
[Site "Vlissingen, Netherlands"]
[Date "2022.08.10"]
[Round "6.36"]
[White "Saketh, Pedagandham"]
[Black "Brokaar, Joey"]
[Result "1-0"]
[WhiteElo "1947"]
[BlackElo "2068"]
[PlyCount "35"]

1. e4 c5 2. Nf3 d6 3. d4 cxd4 4. Nxd4 Nf6 5. Nc3 a6 6. Bg5 Nbd7 7. Qe2 Qc7 8.
O-O-O e6 9. f4 Be7 10. g4 h6 11. Bh4 Nxe4 12. Nxe4 Bxh4 13. Nf5 Be7 14. Nexd6+
Bxd6 15. Nxd6+ Kf8 16. Bg2 Nf6 17. Rd4 Nd5 18. Rxd5 1-0

[Event "HZ Chess Tournament 2022"]
[Site "Vlissingen, Netherlands"]
[Date "2022.08.10"]
[Round "6.37"]
[White "Verheij, Dana"]
[Black "Manshanden, Nick"]
[Result "1/2-1/2"]
[WhiteElo "1850"]
[BlackElo "2065"]
[PlyCount "121"]

1. e4 e5 2. Nf3 Nc6 3. d4 exd4 4. Nxd4 Nf6 5. Nc3 Bb4 6. Nxc6 bxc6 7. Bd3 d5 8.
e5 d4 9. a3 dxc3 10. axb4 Qd4 11. O-O cxb2 12. Bxb2 Qxb2 13. exf6 Qxf6 14. Re1+
Be6 15. Qh5 g5 16. Be4 Kf8 17. Bxc6 Rd8 18. Qe2 a6 19. Rxa6 Qc3 20. b5 Rd2 21.
Qf3 Qxf3 22. Bxf3 Rxc2 23. h3 Kg7 24. Rc6 Rxc6 25. Bxc6 Kf6 26. Rd1 Ke7 27. Kh2
Rd8 28. Rc1 Rd4 29. f3 Kd6 30. Be8 h5 31. Bc6 h4 32. Ra1 Bd7 33. Ra6 Kc5 34.
Ra5 Rd6 35. Bxd7 Rxd7 36. b6+ Kxb6 37. Rxg5 c5 38. Rg4 Rd4 39. Rg8 c4 40. Rc8
Kb5 41. Kg1 Kb4 42. Kf2 c3 43. Rb8+ Kc4 44. Ke3 Rd5 45. Ke2 c2 46. Rc8+ Rc5 47.
Rxc5+ Kxc5 48. Kd2 Kd4 49. Kxc2 Ke3 50. Kd1 Kf2 51. f4 Kxg2 52. Ke2 f5 53. Ke3
Kg3 54. Ke2 Kxf4 55. Kf2 Ke4 56. Ke2 f4 57. Kf2 f3 58. Kf1 Ke5 59. Kg1 Kd5 60.
Kf2 Ke4 61. Kf1 1/2-1/2

[Event "HZ Chess Tournament 2022"]
[Site "Vlissingen, Netherlands"]
[Date "2022.08.10"]
[Round "6.38"]
[White "Van de Poel, Taco"]
[Black "Hari Charan Sai Kalluri"]
[Result "1-0"]
[WhiteElo "1818"]
[BlackElo "2059"]
[PlyCount "85"]

1. e4 c5 2. Nf3 d6 3. d4 cxd4 4. Nxd4 Nf6 5. Nc3 a6 6. Bg5 e6 7. f4 Be7 8. Qf3
Qc7 9. O-O-O Nbd7 10. g4 b5 11. Bxf6 gxf6 12. f5 Ne5 13. Qh3 Bd7 14. fxe6 fxe6
15. g5 Qc8 16. Qh5+ Ng6 17. Bd3 Kd8 18. h4 Qc5 19. Nce2 fxg5 20. hxg5 Qxg5+ 21.
Kb1 Kc7 22. Qh3 Qe5 23. Nf3 Qc5 24. Nfd4 Qe5 25. Nf3 Qf6 26. Rhf1 Raf8 27. Nfd4
Qe5 28. Nf3 Qc5 29. Nfd4 Qe5 30. Nf3 Qc5 31. Nfd4 Kb8 32. Rxf8+ Nxf8 33. Rf1
Rg8 34. a4 h5 35. axb5 axb5 36. Rf7 Qg5 37. Bxb5 Bxb5 38. Qb3 Nd7 39. Nxb5 Kc8
40. Na7+ Kd8 41. Nc6+ Kc7 42. Nxe7 Qc5 43. Nxg8 1-0

[Event "HZ Chess Tournament 2022"]
[Site "Vlissingen, Netherlands"]
[Date "2022.08.10"]
[Round "6.39"]
[White "Adithya A Chullikkad"]
[Black "Reichardt, Robin"]
[Result "1/2-1/2"]
[WhiteElo "1696"]
[BlackElo "2054"]
[PlyCount "116"]

1. e4 e5 2. Nf3 Nc6 3. d4 exd4 4. Bc4 Nf6 5. e5 d5 6. Bb5 Ne4 7. Nxd4 Bd7 8.
Bxc6 bxc6 9. O-O Bc5 10. f3 Ng5 11. f4 Ne4 12. Be3 Bb6 13. Nc3 Nxc3 14. bxc3
O-O 15. Qd2 Qe7 16. Rae1 c5 17. Nb3 Bb5 18. Rf3 d4 19. cxd4 cxd4 20. Nxd4 Rad8
21. Qc3 Qd7 22. Nxb5 Qxb5 23. Rg3 Ba5 24. Qa1 Bxe1 25. Qxe1 Rd5 26. h3 Rfd8 27.
Kh2 Rd1 28. Qc3 Qf1 29. Rf3 Qh1+ 30. Kg3 Qe1+ 31. Qxe1 Rxe1 32. Bf2 Re2 33. Rc3
Rdd2 34. Rxc7 h5 35. Bxa7 Rxg2+ 36. Kh4 Rxc2 37. Rxc2 Rxc2 38. Kxh5 Rxa2 39.
Bc5 Rg2 40. Be7 Kh7 41. Bg5 Rg3 42. Kh4 Rg1 43. Kh5 f6 44. exf6 g6+ 45. Kh4 Rg2
46. f7 Kg7 47. Be7 Kxf7 48. Bd6 Ke6 49. Bb8 Kf5 50. Bc7 Ke4 51. Bb6 Kf3 52. Bc7
Rg1 53. Bb8 Rb1 54. Bc7 Rc1 55. Be5 Rh1 56. Kg5 Rg1+ 57. Kh4 Rg3 58. f5 Rxh3+
1/2-1/2

[Event "HZ Chess Tournament 2022"]
[Site "Vlissingen, Netherlands"]
[Date "2022.08.10"]
[Round "6.40"]
[White "Arnold, Rhys"]
[Black "Le Clercq, Maxim"]
[Result "1/2-1/2"]
[WhiteElo "1777"]
[BlackElo "2049"]
[PlyCount "162"]

1. e4 c6 2. Nc3 d5 3. Nf3 Bg4 4. h3 Bxf3 5. Qxf3 e6 6. Be2 Nf6 7. O-O Nbd7 8.
exd5 cxd5 9. d4 Be7 10. Rd1 O-O 11. Bf4 a6 12. Rab1 b5 13. Bd3 Nb6 14. Ne2 Nc4
15. a3 a5 16. h4 Ne8 17. h5 Bg5 18. Qg3 h6 19. a4 bxa4 20. Bxc4 dxc4 21. Ra1
Bxf4 22. Nxf4 Qb6 23. Qc3 Nd6 24. Rxa4 Rab8 25. d5 Ne4 26. Qe1 Qb5 27. Ra2 Ng5
28. dxe6 fxe6 29. Ng6 Rf7 30. Qe5 Qxe5 31. Nxe5 Rc7 32. Rd4 c3 33. b3 Rc5 34.
Nc4 e5 35. Rd3 Ne4 36. Re3 Nd2 37. Rxe5 Rxe5 38. Nxe5 Re8 39. Rxa5 Nxb3 40.
cxb3 c2 41. Rc5 Rxe5 42. Rxc2 Rxh5 43. Rb2 Kf7 44. f3 Ke6 45. Rd2 Rb5 46. Rd3
h5 47. Kf2 h4 48. Ke3 g6 49. Kf4 Kf6 50. Ke4 Re5+ 51. Kf4 Re2 52. Rd4 Kf7 53.
Kg5 Ke7 54. Rd3 Rxg2+ 55. Kxh4 Kf6 56. b4 Rb2 57. Rd4 Kf5 58. Kg3 g5 59. Rc4
Kf6 60. Kg4 Rg2+ 61. Kh3 Rb2 62. Kg3 Kg6 63. f4 gxf4+ 64. Kxf4 Kf6 65. Ke3 Ke5
66. Kd3 Kd5 67. Rc5+ Kd6 68. Kc3 Rb1 69. Rh5 Kc6 70. Kc4 Rc1+ 71. Kb3 Rb1+ 72.
Kc3 Rc1+ 73. Kb2 Rc4 74. Kb3 Rc1 75. Rh8 Rb1+ 76. Kc3 Kb5 77. Rb8+ Kc6 78. Kc2
Rh1 79. Kb2 Rh3 80. Rc8+ Kb5 81. Rc3 Rh4 1/2-1/2

[Event "HZ Chess Tournament 2022"]
[Site "Vlissingen, Netherlands"]
[Date "2022.08.10"]
[Round "6.41"]
[White "Warnaar, Alisha"]
[Black "Van de Griend, Johan"]
[Result "1-0"]
[WhiteElo "2037"]
[BlackElo "1762"]
[PlyCount "71"]

1. e4 c5 2. Nf3 d6 3. d4 cxd4 4. Nxd4 Nf6 5. Nc3 a6 6. g3 e5 7. Nb3 Be6 8. Bg2
Be7 9. O-O Nc6 10. Nd5 O-O 11. Nd2 Rc8 12. Re1 Bxd5 13. exd5 Nb4 14. c4 Nd3 15.
Re3 Nxc1 16. Rxc1 Nd7 17. b4 f5 18. Nb3 Bg5 19. c5 Bxe3 20. fxe3 Qg5 21. Qd2
Nf6 22. Na5 Ne4 23. Bxe4 fxe4 24. Nxb7 Rf3 25. cxd6 Rcf8 26. d7 Rxg3+ 27. Kh1
Qg4 28. hxg3 Qxd7 29. Qg2 Qxd5 30. Nc5 Rf3 31. Re1 a5 32. a3 axb4 33. axb4 Qc4
34. Qh3 Qxb4 35. Qe6+ Rf7 36. Rf1 1-0

[Event "HZ Chess Tournament 2022"]
[Site "Vlissingen, Netherlands"]
[Date "2022.08.10"]
[Round "6.42"]
[White "Manukonda Arun"]
[Black "De Feijter, David"]
[Result "1-0"]
[WhiteElo "2031"]
[BlackElo "1758"]
[PlyCount "73"]

1. d4 f5 2. c4 Nf6 3. Nf3 g6 4. g3 Bg7 5. Bg2 O-O 6. O-O d6 7. d5 Na6 8. Nc3
Nc5 9. Nd4 Rb8 10. e3 e5 11. dxe6 Nxe6 12. b3 Nxd4 13. exd4 Re8 14. Qc2 Re7 15.
Nd5 Re8 16. Bg5 c6 17. Nc3 h6 18. Bd2 Bd7 19. Bf4 Bf8 20. c5 Be6 21. cxd6 g5
22. d7 Qxd7 23. Bxb8 Rxb8 24. Rfe1 Qf7 25. Rad1 Bd7 26. d5 Qh5 27. Qe2 Ng4 28.
h3 f4 29. hxg4 Bxg4 30. Qe5 f3 31. Ne4 Bg7 32. Qxb8+ Kh7 33. Qc7 Kh8 34. Qd8+
Kh7 35. Qe7 Kh8 36. dxc6 fxg2 37. Rd8+ 1-0

[Event "HZ Chess Tournament 2022"]
[Site "Vlissingen, Netherlands"]
[Date "2022.08.10"]
[Round "6.43"]
[White "Van Wijk, Peter"]
[Black "Cortenbach, Stan"]
[Result "1-0"]
[WhiteElo "2016"]
[BlackElo "1743"]
[PlyCount "95"]

1. e4 c5 2. Nf3 d6 3. d4 cxd4 4. Nxd4 Nf6 5. Nc3 g6 6. Be3 Bg7 7. f3 O-O 8. Qd2
Nc6 9. Bc4 Nxd4 10. Bxd4 Be6 11. Bxe6 fxe6 12. O-O-O Qa5 13. Rhe1 Nd7 14. Bxg7
Kxg7 15. Kb1 Rac8 16. Ne2 Qxd2 17. Rxd2 g5 18. Nd4 Kf7 19. h4 h6 20. g4 Ne5 21.
Rh2 Rc4 22. Nb3 Kg7 23. hxg5 hxg5 24. Reh1 Rxf3 25. Nd2 Rd4 26. Nxf3 Nxf3 27.
Rh7+ Kf6 28. c3 Rxe4 29. R1h6+ Ke5 30. Rxe7 Kd5 31. Rf6 Nh2 32. Rxb7 Rxg4 33.
Rxa7 Ke5 34. Rh6 Rg2 35. Ra5+ Kf4 36. Rf6+ Ke4 37. Rxe6+ Kf4 38. Rxd6 g4 39.
Rd4+ Kf3 40. Rf5+ Ke3 41. Re5+ Kf3 42. a4 g3 43. a5 Rg1+ 44. Ka2 g2 45. Rg5 Nf1
46. Rdg4 Ne3 47. Rg3+ Kf4 48. a6 1-0

[Event "HZ Chess Tournament 2022"]
[Site "Vlissingen, Netherlands"]
[Date "2022.08.10"]
[Round "6.44"]
[White "Hendrikse, Ad"]
[Black "Cordes, Hans-Joerg"]
[Result "0-1"]
[WhiteElo "1893"]
[BlackElo "2154"]
[PlyCount "64"]

1. e4 c5 2. Nf3 d6 3. d4 cxd4 4. Nxd4 Nf6 5. Nc3 a6 6. Be2 e5 7. Nb3 Be7 8. Be3
Be6 9. O-O O-O 10. f4 exf4 11. Bxf4 d5 12. exd5 Nxd5 13. Nxd5 Bxd5 14. Be5 Nc6
15. Bc3 Be4 16. Bd3 Bxd3 17. cxd3 Qd5 18. Qg4 g6 19. Nd2 Rad8 20. Kh1 b5 21. a3
a5 22. Nf3 Qxd3 23. Ng5 b4 24. Bf6 Bxf6 25. Rxf6 Rd4 26. Qf3 Ne5 27. Qb7 Ng4
28. Rf3 Qe2 29. Rff1 Ne3 30. Rae1 Qd2 31. Rxe3 Qxe3 32. Nxf7 Rf4 0-1

[Event "HZ Chess Tournament 2022"]
[Site "Vlissingen, Netherlands"]
[Date "2022.08.10"]
[Round "6.45"]
[White "Kalma, Jildo"]
[Black "Van der Zalm, Marnix"]
[Result "0-1"]
[WhiteElo "1826"]
[BlackElo "2088"]
[PlyCount "82"]

1. d4 d6 2. Nf3 g6 3. Nc3 Bg7 4. e4 a6 5. Be3 Nc6 6. d5 Nb8 7. Qd2 b5 8. a3 c5
9. Rb1 Nf6 10. Bd3 Nbd7 11. Bh6 O-O 12. h4 Bxh6 13. Qxh6 Ng4 14. Qd2 h5 15. Ng5
Ndf6 16. f3 Ne5 17. Nd1 Ra7 18. Nh3 Kg7 19. Nf4 e6 20. dxe6 Bxe6 21. Nf2 Re7
22. Kf1 d5 23. Nxe6+ Rxe6 24. exd5 Qxd5 25. Qf4 Qa2 26. Qc1 Nxd3 27. cxd3 Rd8
28. Ra1 Qd5 29. Qc3 Kg8 30. Rc1 c4 31. dxc4 bxc4 32. Re1 Rxe1+ 33. Kxe1 Qe6+
34. Kf1 Nd5 35. Qc1 Ne3+ 36. Kg1 Rd4 37. Qc3 Qe5 38. Rh3 Nd5 39. Qa5 Qe3 40. g3
Rd1+ 41. Kg2 Rd2 0-1

[Event "HZ Chess Tournament 2022"]
[Site "Vlissingen, Netherlands"]
[Date "2022.08.10"]
[Round "6.46"]
[White "Bleeker, Kasper"]
[Black "Dougherty, Michael"]
[Result "1/2-1/2"]
[WhiteElo "1823"]
[BlackElo "2071"]
[PlyCount "104"]

1. e4 e6 2. d4 d5 3. Bd3 c5 4. exd5 exd5 5. Nf3 c4 6. Be2 Nf6 7. b3 cxb3 8.
axb3 Nc6 9. O-O Be7 10. c4 O-O 11. Nc3 Bf5 12. Bg5 Nb4 13. Qd2 a5 14. Qf4 Bg6
15. Ne5 Nh5 16. Bxe7 Nxf4 17. Bxd8 Nxe2+ 18. Nxe2 Rfxd8 19. Nxg6 hxg6 20. Rfd1
Kf8 21. c5 b6 22. cxb6 Rdb8 23. Nc3 Rxb6 24. Na4 Rb5 25. Nc5 Na6 26. Nd7+ Ke8
27. Ne5 Nc7 28. Rd3 Ne6 29. g3 g5 30. Re1 Rc8 31. Rde3 Rb6 32. Nf3 Kf8 33. Kg2
Rb4 34. Rd1 g4 35. Ne5 Nxd4 36. Red3 Nxb3 37. Rxd5 Re4 38. Rb5 Rb4 39. Rxb4
axb4 40. Rd7 Rc5 41. Nxf7 Nc1 42. Nd6 b3 43. Rf7+ Kg8 44. Rb7 Rc2 45. Nf5 Ra2
46. Nd6 b2 47. Nc4 Nd3 48. Rb3 Ra1 49. Rb7 Ne1+ 50. Kf1 Nd3+ 51. Kg2 Ne1+ 52.
Kf1 Nd3+ 1/2-1/2

[Event "HZ Chess Tournament 2022"]
[Site "Vlissingen, Netherlands"]
[Date "2022.08.10"]
[Round "6.47"]
[White "Emans, Job"]
[Black "Sai Kiran Y"]
[Result "0-1"]
[WhiteElo "2035"]
[BlackElo "1879"]
[PlyCount "82"]

1. d4 d5 2. c4 c6 3. Nc3 Nf6 4. Nf3 e6 5. e3 Nbd7 6. Bd3 dxc4 7. Bxc4 b5 8. Bd3
a6 9. O-O c5 10. a4 c4 11. Be2 b4 12. Nb1 Qc7 13. Qc2 Bb7 14. Qxc4 Qa5 15. Nbd2
Bd6 16. Qd3 Qd5 17. Re1 O-O 18. Bf1 Qh5 19. e4 Bb8 20. e5 Nd5 21. a5 Bc7 22.
Ne4 Rfc8 23. Ng3 Qg6 24. Qb3 f5 25. Bd2 Bd8 26. Bd3 h5 27. h4 Qg4 28. Bxb4 Bxh4
29. Bd6 Bc6 30. Rac1 Bxg3 31. fxg3 Nf8 32. Kh2 f4 33. Be4 Ne3 34. Rxe3 Bxe4 35.
Ree1 fxg3+ 36. Kg1 Bd5 37. Qe3 Ng6 38. Rc3 Rxc3 39. bxc3 Nh4 40. Nxh4 Qxh4 41.
Re2 Bc4 0-1

[Event "HZ Chess Tournament 2022"]
[Site "Vlissingen, Netherlands"]
[Date "2022.08.10"]
[Round "6.48"]
[White "Boulahfa, Hicham"]
[Black "Welten, Hans"]
[Result "1-0"]
[WhiteElo "2032"]
[BlackElo "1844"]
[PlyCount "135"]

1. e4 c5 2. Nc3 Nc6 3. Nge2 d6 4. g3 g6 5. Bg2 Bg7 6. O-O e6 7. d3 Nge7 8. Be3
O-O 9. Qd2 Re8 10. Rad1 Nd4 11. f4 Rb8 12. Rf2 b6 13. Rdf1 f5 14. Nc1 a6 15.
Nd1 Bb7 16. c3 Nb5 17. Re2 Qd7 18. Rfe1 Nc7 19. Bf2 Kh8 20. d4 c4 21. d5 fxe4
22. dxe6 Nxe6 23. Bxe4 Nc5 24. Bxb7 Rxb7 25. Bd4 d5 26. Bxg7+ Kxg7 27. Ne3 Ne4
28. Qd4+ Kf7 29. Nxd5 Qxd5 30. Qxd5+ Nxd5 31. Rxe4 Rxe4 32. Rxe4 b5 33. Ne2 Nf6
34. Re5 Ng4 35. Re4 Nf6 36. Rd4 Re7 37. Rd2 Ne4 38. Rc2 Nc5 39. Kf1 Nd3 40. Rd2
Re3 41. Kg2 Kf6 42. b3 g5 43. fxg5+ Kxg5 44. bxc4 bxc4 45. Nd4 h5 46. Re2 Rxe2+
47. Nxe2 h4 48. gxh4+ Kg4 49. h5 Kxh5 50. Kf3 Kg5 51. Ke4 Kf6 52. Kd5 Ne5 53.
Nd4 Ng4 54. h3 Ne3+ 55. Kc5 Kg5 56. Nc6 Kh4 57. a4 Kxh3 58. a5 Kg4 59. Nb8 Kf5
60. Nxa6 Ke6 61. Nb8 Nd5 62. a6 Nc7 63. a7 Ke5 64. Kc6 Na8 65. Kb7 Ke4 66. Nc6
Kd3 67. Kxa8 Kxc3 68. Ne5 1-0

[Event "HZ Chess Tournament 2022"]
[Site "Vlissingen, Netherlands"]
[Date "2022.08.10"]
[Round "6.49"]
[White "Lichtmannecker, Daniel"]
[Black "Timmermans, Adri"]
[Result "1-0"]
[WhiteElo "2031"]
[BlackElo "1840"]
[PlyCount "47"]

1. e4 e5 2. Nf3 Nc6 3. Bb5 f5 4. Nc3 fxe4 5. Nxe4 d5 6. Nxe5 dxe4 7. Nxc6 Qg5
8. Qe2 Nf6 9. Nxa7+ Bd7 10. Bxd7+ Nxd7 11. f4 Qh4+ 12. g3 Qh3 13. Nb5 Kd8 14.
b3 Bb4 15. c3 Ba5 16. Ba3 e3 17. O-O-O exd2+ 18. Qxd2 Qf5 19. Nd4 Qf7 20. Rhe1
Re8 21. Rxe8+ Qxe8 22. Re1 Qg6 23. f5 Qf6 24. Be7+ 1-0

[Event "HZ Chess Tournament 2022"]
[Site "Vlissingen, Netherlands"]
[Date "2022.08.10"]
[Round "6.50"]
[White "Lucas, Fred"]
[Black "De Wolf, Johan"]
[Result "1/2-1/2"]
[WhiteElo "1806"]
[BlackElo "2010"]
[PlyCount "62"]

1. c4 e5 2. Nc3 Nc6 3. Nf3 g6 4. d4 d6 5. e4 Bg7 6. Be3 Bg4 7. d5 Nd4 8. Be2
Nxe2 9. Qxe2 Ne7 10. h3 Bd7 11. g4 c5 12. Nh2 h5 13. f3 Qc7 14. O-O-O O-O-O 15.
Kb1 f5 16. Bg5 Rde8 17. Bxe7 Rxe7 18. Rc1 Bh6 19. g5 Bxg5 20. Rcg1 Bh4 21. Rxg6
f4 22. Nb5 Bxb5 23. cxb5 Rg7 24. Rhg1 Rhg8 25. Rxg7 Rxg7 26. Rg2 Qf7 27. Nf1
Qg8 28. Rxg7 Qxg7 29. Nd2 Qg3 30. Qf1 b6 31. b3 Qh2 1/2-1/2